MARC details
| 000 -LEADER |
| campo de control de longitud fija |
01602nac a2200301 a 4500 |
| 003 - IDENTIFICADOR DE NÚMERO DE CONTROL |
| campo de control |
CO-PeBPM |
| 005 - FECHA Y HORA DE LA ÚLTIMA TRANSACCIÓN |
| campo de control |
20251212113716.0 |
| 008 - DATOS DE LONGITUD FIJA--INFORMACIÓN GENERAL |
| campo de control de longitud fija |
251212s2024 ck a|||| |||| 00| 0 spa d |
| 020 ## - NÚMERO INTERNACIONAL ESTÁNDAR DEL LIBRO |
| Número Internacional Estándar del Libro |
9789580716921 |
| 040 ## - FUENTE DE CATALOGACIÓN |
| Centro catalogador/agencia de origen |
CO-PeBPM |
| Lengua de catalogación |
spa |
| Centro/agencia transcriptor |
CO-PeBPM |
| Normas de descripción |
rda |
| 041 ## - CÓDIGO DE IDIOMA |
| Código de lengua del texto/banda sonora o título independiente |
spa |
| 082 04 - NÚMERO DE LA CLASIFICACIÓN DECIMAL DEWEY |
| Número de clasificación |
(i) Br869.3 F866p |
| Número de edición |
22 |
| 100 1# - ENTRADA PRINCIPAL--NOMBRE DE PERSONA |
| Nombre de persona |
Freitas, Tino |
| Término indicativo de función/relación |
autor |
| 245 10 - MENCIÓN DEL TÍTULO |
| Título |
¿Por qué tienes la boca tan grande |
| Mención de responsabilidad, etc. |
/ Tino Freitas; ilustraciones Raquel Matsushita |
| 250 ## - MENCION DE EDICION |
| Mención de edición |
Edición especial |
| 260 ## - PUBLICACIÓN, DISTRIBUCIÓN, ETC. |
| Lugar de publicación, distribución, etc. |
Bogotá, Colombia |
| Nombre del editor, distribuidor, etc. |
: Susaeta |
| Fecha de publicación, distribución, etc. |
, 2024 |
| 300 ## - DESCRIPCIÓN FÍSICA |
| Extensión |
[46] páginas |
| Otras características físicas |
ilustraciones a color |
| Dimensiones |
22 centimetros |
| 490 ## - MENCIÓN DE SERIE |
| Mención de serie |
Plan Nacional de Lectura, Escritura y Oralidad / Ministerio de las Culturas, las Artes y los Saberes |
| 500 ## - NOTA GENERAL |
| Nota general |
Contiene datos biográficos del autor y la ilustradora al final del texto |
| 520 ## - RESUMEN, ETC. |
| Sumario, etc. |
Érase una vez una niña que iba por el bosque camino a la casa de su abuelita. En el bosque había un lobo, que veía todo. ¿Conoces esa historia, no es así? Pero no todo paso como te imaginas... En esta relectura del clásico cuento de Caperucita Roja, son reveladas escenas inéditas del encuentro de la niña con el lobo. ¿Lo dudas? Entonces abre las páginas de este libro, pero con cuidado... |
| 521 ## - NOTA DE PÚBLICO DESTINATARIO |
| Nota de público destinatario |
Recomendado para 7 a 12 años |
| 650 14 - PUNTO DE ACCESO ADICIONAL DE MATERIA--TÉRMINO DE MATERIA |
| Término de materia o nombre geográfico como elemento de entrada |
Cuentos infantiles brasileños - Siglo XXI |
| Fuente del encabezamiento o término |
LEMB |
| 650 14 - PUNTO DE ACCESO ADICIONAL DE MATERIA--TÉRMINO DE MATERIA |
| Término de materia o nombre geográfico como elemento de entrada |
Literatura infantil brasileña - Siglo XXI |
| Fuente del encabezamiento o término |
LEMB |
| 650 14 - PUNTO DE ACCESO ADICIONAL DE MATERIA--TÉRMINO DE MATERIA |
| Término de materia o nombre geográfico como elemento de entrada |
Sentidos en la literatura |
| Fuente del encabezamiento o término |
LEMB |
| 700 1# - ENTRADA AGREGADA--NOMBRE PERSONAL |
| Nombre de persona |
Matsushita, Raquel |
| Término indicativo de función/relación |
ilustradora |
| 942 ## - ELEMENTOS DE ENTRADA SECUNDARIOS (KOHA) |
| Fuente del sistema de clasificación o colocación |
Clasificación Decimal Dewey |
| Tipo de ítem Koha |
Literatura infantil |
| Suprimir en OPAC |
No |